000 00464nam a22001937a 4500
003 MPLRDC
005 20220104144153.0
008 210129b ||||| |||| 00| 0 eng d
020 _a7-108-00159-4
082 _a541.775 MD
100 _a马丁
245 _a权力社会学
_c
250 _a第一版
260 _a
_b三联书店出版
_c1992
300 _b
490 _a新知文库
650 _a社会心理学--权威论
942 _cBK
_o541.775 MD
999 _c47052
_d47042